Параметрический синтез регулятора системы управления котельным агрегатом с использованием пакета RASIS; Вестник науки Сибири; № 1 (1)

書誌詳細
Parent link:Вестник науки Сибири: электронный научный журнал/ Томский политехнический университет (ТПУ).— , 2011-.— 2226-0064
№ 1 (1).— 2011.— [С. 315-321]
第一著者: Суходоев М. С. Михаил Сергеевич
その他の著者: Пушкарёв М. И. Максим Иванович, Гайворонский С. А. Сергей Анатольевич
要約:Заглавие с титульного листа
Проведено математическое моделирование котлоагрегата с учетом интервальности его параметров. Для полученной системы автоматического управления на основе разработанного комплекса программ RASIS рассчитаны параметры ПИД-регулятора. Алгоритмы комплекса программ RASIS основаны на робастном расширении метода корневого годографа с применением уравнений Теодорчика-Эванса. Приводятся переходные процессы для граничных режимов работы котлоагрегата с синтезированным регулятором.
言語:ロシア語
出版事項: 2011
シリーズ:Информационные технологии и системы управления
主題:
オンライン・アクセス:http://earchive.tpu.ru/handle/11683/14944
フォーマット: 電子媒体 図書の章
KOHA link:https://koha.lib.tpu.ru/cgi-bin/koha/opac-detail.pl?biblionumber=477578

MARC

LEADER 00000naa2a2200000 4500
001 477578
005 20240126133336.0
035 |a (RuTPU)RU\TPU\prd\144356 
035 |a RU\TPU\prd\144353 
090 |a 477578 
100 |a 20120621d2011 k y0rusy50 ca 
101 0 |a rus 
102 |a RU 
135 |a drnn ---uucaa 
181 0 |a i  
182 0 |a b 
200 1 |a Параметрический синтез регулятора системы управления котельным агрегатом с использованием пакета RASIS  |f М. С. Суходоев, М. И. Пушкарев, С. А. Гайворонский 
203 |a Текст  |c электронный 
215 |a 1 файл (815 Кб) 
225 1 |a Информационные технологии и системы управления 
300 |a Заглавие с титульного листа 
320 |a [Библиогр.: с. 321 (3 назв.)] 
330 |a Проведено математическое моделирование котлоагрегата с учетом интервальности его параметров. Для полученной системы автоматического управления на основе разработанного комплекса программ RASIS рассчитаны параметры ПИД-регулятора. Алгоритмы комплекса программ RASIS основаны на робастном расширении метода корневого годографа с применением уравнений Теодорчика-Эванса. Приводятся переходные процессы для граничных режимов работы котлоагрегата с синтезированным регулятором. 
337 |a Adobe Reader 
461 1 |0 (RuTPU)RU\TPU\prd\143680  |x 2226-0064  |t Вестник науки Сибири  |o электронный научный журнал  |f Томский политехнический университет (ТПУ)  |d 2011- 
463 1 |0 (RuTPU)RU\TPU\prd\143681  |t № 1 (1)  |v [С. 315-321]  |d 2011 
610 1 |a котельные агрегаты 
610 1 |a системы автоматического управления 
610 1 |a регуляторы 
610 1 |a параметрический синтез 
610 1 |a корневые методы 
610 1 |a интервальные системы 
610 1 |a качество 
610 1 |a корневые показатели 
610 1 |a программы 
610 1 |a RASIS 
610 1 |a труды учёных ТПУ 
610 1 |a электронный ресурс 
675 |a 681.5  |v 3 
700 1 |a Суходоев  |b М. С.  |c специалист в области автоматического управления  |c доцент Томского политехнического университета, кандидат технических наук  |f 1982-  |g Михаил Сергеевич  |3 (RuTPU)RU\TPU\pers\25412  |9 11354 
701 1 |a Пушкарёв  |b М. И.  |c специалист в области автоматического управления  |c ассистент кафедры Томского политехнического университета  |f 1987-  |g Максим Иванович  |3 (RuTPU)RU\TPU\pers\29785 
701 1 |a Гайворонский  |b С. А.  |c специалист в области информатики и вычислительной техники  |c доцент Томского политехнического университета, кандидат технических наук  |f 1961-  |g Сергей Анатольевич  |3 (RuTPU)RU\TPU\pers\25386  |9 11329 
801 1 |a RU  |b 63413507  |c 20090623  |g PSBO 
801 2 |a RU  |b 63413507  |c 20180116  |g PSBO 
856 4 |u http://earchive.tpu.ru/handle/11683/14944 
942 |c BK